Anglicko-český a česko-anglický slovník /

Salvato in:
Dettagli Bibliografici
Autore principale: Poldauf, Ivan (xxx)
Natura: Libro
Lingua:multilingua
Pubblicazione: Praha : Státní pedagogické nakladatelství, 1987
Edizione:7.vyd.
Soggetti:
Tags: Aggiungi Tag
Nessun Tag, puoi essere il primo ad aggiungerne!!

MARC

LEADER 00000nam a22000003a 4500
001 stu34310
005 20150617225729.4
008 920316s1987----cs------------------mul-d
040 |a STU  |b slo 
041 0 |a mul 
044 |a cs 
080 |a 801.323.2=20=850=20 
100 1 |a Poldauf, Ivan  |4 xxx 
245 1 |a Anglicko-český a česko-anglický slovník /  |c Ivan Poldauf a kol 
250 |a 7.vyd. 
260 |a Praha :  |b Státní pedagogické nakladatelství,  |c 1987 
300 |a 1223 s 
650 7 |a slovníky anglicko české a česko anglické  |2 stusub 
996 |b 284M051314  |c M*4022-1  |l MMKN  |s A  |a 24  |w stu34310_0001 
996 |b 284M003766  |c M*4022-2  |l MMKN  |s A  |a 24  |w stu34310_0002